000 00255nam a2200097Ia 4500
001 834437
005 20250826172434.0
008 250824s9999 xx 000 0 und d
245 0 _aDAĞ SUSTU DAĞ KONUŞTU
_cHACER KILCIOĞLU
260 _bGÜNIŞIĞI YAYINLARI
999 _c834437
_d834437